| 000 | 00564cam a2200217u 4500 | ||
|---|---|---|---|
| 001 | 8672311 | ||
| 005 | 20180222070652.0 | ||
| 007 | cr_||||||||||| | ||
| 008 | 830421s1843 nyua 000 0 eng | ||
| 010 | _a 05018956 | ||
| 040 |
_aDLC _cCarP _dDLC |
||
| 041 | _aeng | ||
| 080 | _a330 mal | ||
| 082 | _2330 mal | ||
| 100 | 1 | _a52 | |
| 101 | _aeco | ||
| 245 | 0 | 0 | _aPrinciples of political economy; |
| 530 | _aAlso available in digital form on the Internet Archive Web site. | ||
| 906 |
_a0 _bcbc _cpremunv _du _encip _f19 _gy-gencatlg |
||
| 942 |
_2ddc _cBK |
||
| 999 |
_c43184 _d43184 |
||